The impact of information and communications technology on commercial real estate in the new economy (Record no. 76906)
[ view plain ]
| 000 -LEADER | |
|---|---|
| fixed length control field | 01033cab a2200181 4500 |
| 001 - CONTROL NUMBER | |
| control field | ##L133282 |
| 008 - FIXED-LENGTH DATA ELEMENTS--GENERAL INFORMATION | |
| fixed length control field | 060426n2006 000 0 eng u |
| 035 ## - SYSTEM CONTROL NUMBER | |
| System control number | (Sirsi) u133282 |
| 041 0# - LANGUAGE CODE | |
| Language code of text/sound track or separate title | eng |
| 100 1# - MAIN ENTRY--PERSONAL NAME | |
| Personal name | Dixon, Tim |
| 245 04 - TITLE STATEMENT | |
| Title | The impact of information and communications technology on commercial real estate in the new economy |
| 260 ## - PUBLICATION, DISTRIBUTION, ETC. | |
| Date of publication, distribution, etc. | 2006 |
| 490 #0 - SERIES STATEMENT | |
| Series statement | Journal of Property Investment and Finance |
| Volume/sequential designation | 23(6) 2005, 480-493(14) |
| 520 ## - SUMMARY, ETC. | |
| Summary, etc. | Analyses of conceptual frameworks that have been developed for assessing the impact of Information and Communications Technology (ICT) on real estate. The methodology includes a critical review of existing literature and draws from examples of previous empirical studies. The results suggest that a socio-technical framework is more appropriate to examine ICT impact in real estate than other deterministic frameworks. Therefore, ICT is an important part of the new economy. |
| 590 ## - LOCAL NOTE (RLIN) | |
| Local note | IKA090506 |
| 690 ## - LOCAL SUBJECT ADDED ENTRY--TOPICAL TERM (OCLC, RLIN) | |
| Topical term or geographic name as entry element | PROPERTY-COMMERCIAL PROPERTY-CORPORATE REAL ESTATE |
| 942 ## - ADDED ENTRY ELEMENTS (KOHA) | |
| Suppress in OPAC | 0 |
| Withdrawn status | Lost status | Source of classification or shelving scheme | Damaged status | Not for loan | Home library | Current library | Shelving location | Date acquired | Total Checkouts | Full call number | Barcode | Date last seen | Copy number | Price effective from | Koha item type |
|---|---|---|---|---|---|---|---|---|---|---|---|---|---|---|---|
| Dewey Decimal Classification | London | London | Journal article | 26/04/2006 | L133282 | 133282-1001 | 06/08/2019 | 1 | 06/08/2019 | Journal article |